| 000 | 01115nam a22003257a 4500 | ||
|---|---|---|---|
| 003 | CHAP | ||
| 005 | 20220329135814.0 | ||
| 008 | 971013s1962 r 00010 d | ||
| 010 | _a42488 | ||
| 011 | _a43460 | ||
| 035 | _a47596 | ||
| 040 | _cCHAP | ||
| 082 |
_a630.72 _bE8 |
||
| 110 |
_aE.U.A. Department of Agriculture _934876 |
||
| 245 | _aState agricultural experiment stations ; a history of research policy and procedure | ||
| 260 |
_aWashington : _bThe Department, _c1962 |
||
| 300 |
_a262 p. _b: ilus. |
||
| 490 |
_aMiscellaneous publication _v; 904 |
||
| 590 |
_aBATCH-UPD _b10 _c20130110 _lUCH01 _h1652 |
||
| 590 |
_aBATCH-UPD _b10 _c20130410 _lUCH01 _h1041 |
||
| 590 |
_aBATCH-UPD _b10 _c20130914 _lUCH01 _h0331 |
||
| 590 |
_aCONVERSION _b10 _c20130109 _lUCH01 _h1323 |
||
| 650 | 1 | 4 |
_aAgricultura _xExperimentación. _91476 |
| 650 | 1 | 4 |
_aAgricultura _xInvestigacion _zE.U.A. _91699 |
| 650 | 1 | 4 |
_aEstaciones agrícolas experimentales. _938191 |
| 830 | 0 |
_aMiscellaneous publication _v; 904 _976163 |
|
| 901 | _aBK | ||
| 942 | _cLIBRO | ||
| 949 |
_a630.72 E8 _bBC _cLIBRO _d33724000037875 _eLIBRO _h20121 _i47596 _si |
||
| 999 |
_c42488 _d42488 |
||